Environmental biotechnology: Theory and applications (Record no. 111664)

MARC details
000 -LEADER
fixed length control field 00414nam a2200157Ia 4500
008 - FIXED-LENGTH DATA ELEMENTS--GENERAL INFORMATION
fixed length control field 230917s9999||||xx |||||||||||||| ||und||
040 ## - CATALOGING SOURCE
-- 201704
Original cataloging agency VIVEKANANDA LIBRARY
041 ## - Language
-- English
082 ## - DDC NUMBER
Classification number 660.60243637 E15E(2)
100 ## - MAIN ENTRY--PERSONAL NAME
Personal name Evans, Gareth M
245 #0 - TITLE STATEMENT
Title Environmental biotechnology: Theory and applications
250 ## - EDITION STATEMENT
Edition statement 2nd ed.
260 ## - PUBLICATION, DISTRIBUTION, ETC. (IMPRINT)
Place of publication, distribution, etc Hoboken
Name of publisher, distributor, etc John Wiley
Date of publication, distribution, etc 2011
300 ## - PHYSICAL DESCRIPTION
Pages xii, 275 p.
942 ## - ADDED ENTRY ELEMENTS (KOHA)
Koha item type Books
Holdings
Withdrawn status Lost status Damaged status Not for loan Location (home branch) Sublocation or collection (holding branch) Date acquired Koha issues (times borrowed) Koha full call number Accession No. Koha date last seen Koha item type
        VIVEKANANDA LIBRARY VIVEKANANDA LIBRARY 17/08/2012   660.60243637 E15E(2) 199882 17/09/2023 Books
        VIVEKANANDA LIBRARY VIVEKANANDA LIBRARY 17/08/2012   660.60243637 E15E(2) 291470 17/09/2023 Books
        VIVEKANANDA LIBRARY VIVEKANANDA LIBRARY 17/08/2012   660.60243637 E15E(2) 294866 17/09/2023 Books
        VIVEKANANDA LIBRARY VIVEKANANDA LIBRARY 17/08/2012   660.60243637 E15E(2) 307433 17/09/2023 Books
© Designed and Maintained by Vivekananda Library, MDU Rohtak